<?xml version="1.0" encoding="UTF-8"?>
<record
    xmlns:xsi="http://www.w3.org/2001/XMLSchema-instance"
    xsi:schemaLocation="http://www.loc.gov/MARC21/slim http://www.loc.gov/standards/marcxml/schema/MARC21slim.xsd"
    xmlns="http://www.loc.gov/MARC21/slim">

  <leader>01232nam a22002537a 4500</leader>
  <datafield tag="999" ind1=" " ind2=" ">
    <subfield code="c">87805</subfield>
    <subfield code="d">87805</subfield>
  </datafield>
  <controlfield tag="005">20200306144613.0</controlfield>
  <datafield tag="010" ind1=" " ind2=" ">
    <subfield code="a">UR-257   B-548296  B-665938</subfield>
  </datafield>
  <datafield tag="020" ind1=" " ind2=" ">
    <subfield code="c">250.00   </subfield>
    <subfield code="a">9789381029633</subfield>
  </datafield>
  <datafield tag="035" ind1=" " ind2=" ">
    <subfield code="a">U-257    B-548296  B-665938</subfield>
  </datafield>
  <datafield tag="037" ind1=" " ind2=" ">
    <subfield code="b">BPPD/Publishers/Venders</subfield>
  </datafield>
  <datafield tag="037" ind1=" " ind2=" ">
    <subfield code="b">Star Publications(Vend.)/Arshia Publications(Pub.)</subfield>
  </datafield>
  <datafield tag="082" ind1=" " ind2=" ">
    <subfield code="a">440</subfield>
  </datafield>
  <datafield tag="100" ind1=" " ind2=" ">
    <subfield code="a">&#x645;&#x648; &#x644;&#x641;&#x6C1; :&#x62E;&#x648; &#x634;&#x646;&#x648; &#x62F; &#x6C1; &#x646;&#x64A;&#x644;&#x648; &#x641;&#x631;</subfield>
  </datafield>
  <datafield tag="245" ind1=" " ind2=" ">
    <subfield code="a">&#x644;&#x63A;&#x627; &#x62A; &#x627;&#x631;&#x62F;&#x648; &#x645;&#x62D;&#x627;&#x648;&#x631;&#x6C1; /</subfield>
    <subfield code="c">&#x645;&#x648; &#x644;&#x641;&#x6C1; :&#x62E;&#x648; &#x634;&#x646;&#x648;&#x62F;&#x6C1; &#x646;&#x64A;&#x644;&#x648;&#x641;&#x631;</subfield>
  </datafield>
  <datafield tag="246" ind1=" " ind2=" ">
    <subfield code="a">Lughaat-e-Urdu Muhawara /</subfield>
    <subfield code="b">edited by Khushnuda Nilofer</subfield>
  </datafield>
  <datafield tag="260" ind1=" " ind2=" ">
    <subfield code="b">Arshia  Publictions</subfield>
    <subfield code="b">Star Publications.( Vender)</subfield>
    <subfield code="c">2012</subfield>
  </datafield>
  <datafield tag="260" ind1=" " ind2=" ">
    <subfield code="a">4/5Asaf Ali Road,New Delhi-110002</subfield>
  </datafield>
  <datafield tag="270" ind1=" " ind2=" ">
    <subfield code="a">A-170,Ground  Floor, 3,Surya Apartment, Dilshad Colony,</subfield>
    <subfield code="b">&#x62F;&#x6BE;&#x644;&#x6CC;</subfield>
    <subfield code="e">110095</subfield>
    <subfield code="k">9971775969</subfield>
  </datafield>
  <datafield tag="300" ind1=" " ind2=" ">
    <subfield code="a">240&#x635;</subfield>
    <subfield code="c">22cm(Hb)</subfield>
  </datafield>
  <datafield tag="700" ind1=" " ind2=" ">
    <subfield code="a">&#x62E;&#x648; &#x634;&#x646;&#x648;&#x62F;&#x6C1; &#x646;&#x64A;&#x644;&#x648;&#x641;&#x631;</subfield>
  </datafield>
  <datafield tag="942" ind1=" " ind2=" ">
    <subfield code="2">ddc</subfield>
    <subfield code="c">UR</subfield>
    <subfield code="m">&#x644; &#x63A; &#x627;</subfield>
    <subfield code="h">440</subfield>
  </datafield>
  <datafield tag="952" ind1=" " ind2=" ">
    <subfield code="0">0</subfield>
    <subfield code="1">0</subfield>
    <subfield code="4">0</subfield>
    <subfield code="7">0</subfield>
    <subfield code="8">NFIC</subfield>
    <subfield code="a">L</subfield>
    <subfield code="b">L</subfield>
    <subfield code="d">2014-12-17</subfield>
    <subfield code="e">BPPD/UR/2014-15/127/1.8.14/SP/3597/6.8.14/2.9.14</subfield>
    <subfield code="g">250.00</subfield>
    <subfield code="l">5</subfield>
    <subfield code="m">3</subfield>
    <subfield code="o">440  &#x644; &#x63A; &#x627;</subfield>
    <subfield code="p">B-548296</subfield>
    <subfield code="r">2017-07-08 00:00:00</subfield>
    <subfield code="s">2017-06-24</subfield>
    <subfield code="t">1</subfield>
    <subfield code="v">250.00</subfield>
    <subfield code="y">UR</subfield>
  </datafield>
  <datafield tag="952" ind1=" " ind2=" ">
    <subfield code="0">0</subfield>
    <subfield code="1">0</subfield>
    <subfield code="2">ddc</subfield>
    <subfield code="4">0</subfield>
    <subfield code="7">0</subfield>
    <subfield code="8">NFIC</subfield>
    <subfield code="a">AV</subfield>
    <subfield code="b">AV</subfield>
    <subfield code="d">2017-03-27</subfield>
    <subfield code="e">BPPD/UR/2014-15/AV/16-17/657/SP/2267/27.2.17/8.3.17</subfield>
    <subfield code="g">250.00</subfield>
    <subfield code="l">0</subfield>
    <subfield code="o">398.8 &#x644; &#x63A; &#x627;</subfield>
    <subfield code="p">B-665938</subfield>
    <subfield code="r">2023-06-10 00:00:00</subfield>
    <subfield code="t">1</subfield>
    <subfield code="v">250.00</subfield>
    <subfield code="w">2017-03-27</subfield>
    <subfield code="y">UR</subfield>
  </datafield>
</record>
